000 01075cas a22003257a 4500
005 20220329142109.0
008 990621d br zu pernn 0 uub1por d
010 _a78368
011 _a79340
035 _a89556
245 0 0 _aBoletim Técnico do Instituto Agronómico do Sul
_c/por Instituto Agronômico do Sul
260 0 _aRio Grande do Sul, Brasil :
_bInstituto Agronômico do Sul
300 _av.
310 _aIrregular
362 1 _an.39, 1961
500 _aSe dejó de recibir a partir del n.40, 1961.
590 _aBATCH-UPD
_b10
_c20130110
_lUCH01
_h0426
590 _aBATCH-UPD
_b10
_c20130410
_lUCH01
_h0102
590 _aBATCH-UPD
_b10
_c20130913
_lUCH01
_h2129
590 _aCONVERSION
_b10
_c20130109
_lUCH01
_h1343
650 1 4 _aAgricultura
_zBrasil
_xPublicaciones periódicas.
_91917
866 _an.12 (1955)
866 _an.14 (1956)
866 _an.22 (1959)
866 _an.28-29 (1960-1961)
866 _an.30,32-34 (1961)
866 _an.38-39 (1961)
901 _aSE
905 _aMa. del Socorro Iturbe C.
999 _c78368
_d78368